000 00908nam a22002417a 4500
005 20260209081958.0
008 260209t ||||| |||| 00| 0 spa d
020 _a9789587927191
040 _aCO-BoUCM
_cDavid Moreno
_dDavid Moreno
041 _aspa
100 1 _aÁvila Velandia, Alfonso
_9187920
245 1 0 _aVolar alto
_blecciones de emprendimiento del fundador de AeroRepública y de EasyFly
_cAlfonso Avila
250 _a1a.Ed
260 _aBogotá, Colombia
_bEdiciones de la U ; Mentes a la Carta, Cable a Tierra Agencia Editoria
_c2024
300 _a152 páginas
650 1 4 _aEmprendimiento
_914097
650 1 4 _aAviación comercial
_99855
650 1 4 _aCasos de éxito empresarial
_9187921
650 1 4 _aLiderazgo empresarial
_918537
650 1 4 _aIndustria aeronáutica
_zColombia
_9187922
942 _2DEWEY
_a16
_cLIBRO
_e1
_h658.421
_mA958v
_n0
999 _c326074
_d326074